| 000 | 01530nam a2200241 a 4500 | ||
|---|---|---|---|
| 008 | 120416s1989 ||||||||||||||||| || u | ||
| 020 | _a0130115606 | ||
| 050 | _aHF 5635 Kap | ||
| 100 | _aKaplan, Robert S | ||
| 245 | 1 | 0 | _aAdvanced management accounting (2nd ed.) |
| 250 | _a2nd ed. | ||
| 260 |
_aEnglewood Cliffs, N.J.: _bFT Prentice-Hall _c1989 |
||
| 300 | _axiv, 817p. : ill. | ||
| 350 | _a0.00 | ||
| 650 | 0 | _aACCOUNTING--HANDBOOKS, MANUALS, ETC | |
| 650 | 0 | _aMANAGERIAL ACCOUNTING | |
| 995 |
_aANNEX COLLECTION (Main Library) _D0.00 _e738469 _FCBU-MAIN LIBRARY (Kitwe) _H1 _I0.00 _jHF 5635 Kap _M1 _UAVAILABLE _WApr 22, 2008 _y738469 _ZAnnex Low-Usage Collection |
||
| 995 |
_aANNEX COLLECTION (Main Library) _D0.00 _e738471 _FCBU-MAIN LIBRARY (Kitwe) _H1 _I0.00 _jHF 5635 Kap _M3 _UAVAILABLE _WApr 22, 2008 _y738471 _ZAnnex Low-Usage Collection |
||
| 995 |
_aMAIN LIBRARY OPEN ACCESS _D0.00 _e738473 _FCBU-MAIN LIBRARY (Kitwe) _H1 _I0.00 _jHF 5635 Kap _M5 _UAVAILABLE _WApr 22, 2008 _y738473 _ZMain Library Open Access Collection |
||
| 995 |
_aANNEX COLLECTION (Main Library) _D0.00 _e738472 _FCBU-MAIN LIBRARY (Kitwe) _H1 _I0.00 _jHF 5635 Kap _M4 _UAVAILABLE _WApr 22, 2008 _y738472 _ZAnnex Low-Usage Collection |
||
| 995 |
_aMAIN LIBRARY OPEN ACCESS _D0.00 _e738470 _FCBU-MAIN LIBRARY (Kitwe) _H1 _I0.00 _jHF 5635 Kap _M2 _UAVAILABLE _WApr 22, 2008 _y738470 _ZMain Library Open Access Collection |
||
| 995 |
_aMAIN LIBRARY OPEN ACCESS _e725053 _FCBU-MAIN LIBRARY (Kitwe) _I0.00 _jHF 5635 Kap _M6 _UAVAILABLE _WFeb 15, 2013 _y006416 _ZMain Library Open Access Collection |
||
| 999 |
_c83714 _d83714 |
||